Particulars of a very attractive and beautiful freehold residential estate distinguished as Haughley Park, conveniently situate in the parishes of Haughley, Woolpit and Wetherden in the County of Suffolk...also, in separate lots, the very valuable Manor of Haughley...which will be sold by auction by Mr Philip D. Tuckett at the New Auction Mart, Tokenhouse Yard, London E.C. on Tuesday the 21st day of July 1868... (Record no. 116496)

MARC details
000 -LEADER
fixed length control field 01121cam a22002055a 4500
001 - CONTROL NUMBER
control field L140828
008 - FIXED-LENGTH DATA ELEMENTS--GENERAL INFORMATION
fixed length control field 071015s1868 xxk eng u
035 ## - SYSTEM CONTROL NUMBER
System control number (Sirsi) u140828
041 0# - LANGUAGE CODE
Language code of text/sound track or separate title eng
100 1# - MAIN ENTRY--PERSONAL NAME
Personal name Tuckett, Philip D.
245 00 - TITLE STATEMENT
Title Particulars of a very attractive and beautiful freehold residential estate distinguished as Haughley Park, conveniently situate in the parishes of Haughley, Woolpit and Wetherden in the County of Suffolk...also, in separate lots, the very valuable Manor of Haughley...which will be sold by auction by Mr Philip D. Tuckett at the New Auction Mart, Tokenhouse Yard, London E.C. on Tuesday the 21st day of July 1868...
260 ## - PUBLICATION, DISTRIBUTION, ETC.
Place of publication, distribution, etc. S.l.
Name of publisher, distributor, etc. s.n.
Date of publication, distribution, etc. [1868]
300 ## - PHYSICAL DESCRIPTION
Extent 11 p. [4 leaves]
Other physical details ill., col. map
Dimensions 43 cm.
340 ## - PHYSICAL MEDIUM
Material base and configuration Printed
351 ## - ORGANIZATION AND ARRANGEMENT OF MATERIALS
Hierarchical level Single item
500 ## - GENERAL NOTE
General note At the rear of the volume are a double-page coloured map of the Haughley Park Estate, illustrations of the 'garden front' and 'driving front' of the house, and a ground plan.
651 4# - SUBJECT ADDED ENTRY--GEOGRAPHIC NAME
Geographic name Suffolk
690 ## - LOCAL SUBJECT ADDED ENTRY--TOPICAL TERM (OCLC, RLIN)
Topical term or geographic name as entry element PROPERTY-PROPERTY ACQUISITION AND DISPOSAL-ACQUISITION AND DISPOSAL AT AUCTION
942 ## - ADDED ENTRY ELEMENTS (KOHA)
Suppress in OPAC 0
Holdings
Withdrawn status Lost status Source of classification or shelving scheme Damaged status Not for loan Home library Current library Shelving location Date acquired Total Checkouts Full call number Barcode Date last seen Copy number Price effective from Koha item type
    Dewey Decimal Classification     Historic collection Historic collection Historic collection 15/10/2007   MAP CABINET DRAWER 6 140828-2001 06/08/2019 1 06/08/2019 Archive